000 00260nam a22001217a 4500
008 171130b xxu||||| |||| 00| 0 eng d
041 _aeng
080 _a32
100 _a19
101 _aPOL
245 _aPRESIDENTS ABOVE PARTY
_cKETCHAM,R
942 _2udc
_cBK
999 _c38637
_d38637